Apa itu tasawuf?

Bibliographic Details
Main Author: Lings, Martin (Author)
Other Authors: Al-Mustaqeem M. Radhi (Editor), Khairul Anam (Translator)
Format: Book
Published: Damansara, Kuala Lumpur : IBDE Ilham Sdn. Bhd 2022
Subjects:

MARC

LEADER 00000cam a2200000 7i4500
001 0000091389
005 20230508090825.0
008
020 |a 9789670037097 (  |q (paperback)) 
040 |e rda 
041 |a Malay 
090 0 0 |a 297.4   |b LIN 
100 1 |a Lings, Martin ,   |e (author) 
245 1 0 |a Apa itu tasawuf?   |c Martin Lings 
264 1 |a Damansara, Kuala Lumpur :   |b IBDE Ilham Sdn. Bhd   |c 2022 
300 |a 172 pages ;   |c 20 cm. 
336 |a text  |2 rdacontent 
337 |a unmediated  |2 rdamedia 
338 |a volume  |2 rdacarrier 
504 |a Bibliography: pages 167 - 172 
541 |c Purchased on 2023   |f I-000171 AJM   |h RM55.00 
650 0 |a Islam   |x Doctrines 
650 0 |a Mysticism   |x Islam 
650 0 |a Sufism 
700 0 |a Al-Mustaqeem M. Radhi ,   |e (editor) 
700 0 |a Khairul Anam ,   |e (translator) 
730 0 |a Title 
999 |a 0001722193   |b Book   |c Adult Collection   |e Cawangan Urban Transformation Centre 
999 |a 0001722194   |b Book   |c Adult Collection   |e Cawangan AEON Kulaijaya 
999 |a 0001722195   |b Book   |c Adult Collection   |e Perbadanan Perpustakaan Awam Johor 
999 |a 0001722196   |b Book   |c Adult Collection   |e Cawangan Segamat 
999 |a 0001722197   |b Book   |c Adult Collection   |e Cawangan Kota Tinggi 
999 |a 0001722198   |b Book   |c Adult Collection   |e Cawangan Kota Tinggi 
999 |a 0001722199   |b Book   |c Adult Collection   |e Perbadanan Perpustakaan Awam Johor 
999 |a 0001722200   |b Book   |c Adult Collection   |e Cawangan Tmn. Ungku Tun Aminah 
999 |a 0001722201   |b Book   |c Adult Collection   |e Cawangan Bandar Penawar 
999 |a 0001722202   |b Book   |c Adult Collection   |e Cawangan Batu Pahat 
999 |a 0001722203   |b Book   |c Adult Collection   |e Cawangan Taman Sri Lambak 
999 |a 0001722204   |b Book   |c Adult Collection   |e Cawangan Pontian 
999 |a 0001722205   |b Book   |c Adult Collection   |e Cawangan Mersing 
999 |a 0001722206   |b Book   |c Adult Collection   |e Cawangan Tangkak 
999 |a 0001722207   |b Book   |c Adult Collection   |e Cawangan Muar 
999 |a 0001722208   |b Book   |c Adult Collection   |e Cawangan Bandar Tenggara